Statistics for Biggest Country for Each Category

Click here to take the quiz!

General Stats

  • This quiz has been taken 45 times
    (20 since last reset)
  • The average score is 12 of 21

Answer Stats

CategoryCountry% Correct
With the ending -StanKazakhstan
100%
With land in EuropeRussia
90%
Completely in EuropeUkraine
90%
Touching the equatorBrazil
85%
With a Population of 200 million or higherChina
85%
In the Middle EastSaudi Arabia
85%
Completely in the Southern HemisphereAustralia
80%
Only bordering one countryCanada
80%
An Island NationIndonesia
75%
In Europe, with less than 4 bordersSweden
75%
With multiple capitalsSouth Africa
65%
Starting with a letter between T and ZUnited States of America
60%
Starting with A, but not ending in AAfghanistan
40%
Only counting overseas territoriesDenmark
40%
With more than 5 but less than 10 bordering countriesD.R. Congo
35%
With 4 or less letters in its nameIran
35%
Double LandlockedUzbekistan
35%
Smaller than all of its neighborsMongolia
15%
With no McDonald'sAlgeria
10%
With less than 500,000 peopleIceland
10%
Smaller than all of the US StatesSamoa
0%

Score Distribution

Percentile by Number Answered

Percent of People with Each Score

Your Score History

You have not taken this quiz since the last reset